Education and training: the bridge between man and his work (Record no. 500009)

000 -LEADER
fixed length control field 00439cam a22001097a 4500
008 - FIXED-LENGTH DATA ELEMENTS--GENERAL INFORMATION
fixed length control field 180718b1965 xxu||||| |||| 00| 0 eng d
082 ## - DEWEY DECIMAL CLASSIFICATION NUMBER
Classification number K5x73 Un3/1965
245 ## - TITLE STATEMENT
Title Education and training: the bridge between man and his work
Statement of responsibility, etc. by The Department of Health, Education and Welfare, United S
260 ## - PUBLICATION, DISTRIBUTION, ETC.
Place of publication, distribution, etc. Washington
Name of publisher, distributor, etc. Government Printing Office
Date of publication, distribution, etc. 1965
300 ## - PHYSICAL DESCRIPTION
Extent 61p.
700 ## - ADDED ENTRY--PERSONAL NAME
Personal name United States. The Department of Health, Education and Welfare
Holdings
Withdrawn status Lost status Damaged status Not for loan Permanent Location Current Location Date acquired Full call number Barcode Date last seen Price effective from Koha item type
        Indian Institute of Public Administration Indian Institute of Public Administration 2018-08-04 K5x73 Un3/1965 G6950 2018-08-04 2018-08-04 G

Powered by Koha